ជន្លេន និង ព្រះចន្ទ : (Record no. 8525)
[ view plain ]
| 000 -LEADER | |
|---|---|
| fixed length control field | 02364nam a22003137a 4500 |
| 001 - CONTROL NUMBER | |
| control field | 8525 |
| 003 - CONTROL NUMBER IDENTIFIER | |
| control field | FISKH |
| 005 - DATE AND TIME OF LATEST TRANSACTION | |
| control field | 20250917142649.0 |
| 008 - FIXED-LENGTH DATA ELEMENTS--GENERAL INFORMATION | |
| fixed length control field | 250917b cb ||||| |||| 00| 0 eng d |
| 020 ## - INTERNATIONAL STANDARD BOOK NUMBER | |
| International Standard Book Number | 9789996301537 |
| 040 ## - CATALOGING SOURCE | |
| Original cataloging agency | FISKH |
| Language of cataloging | khr |
| Transcribing agency | FISKH |
| Modifying agency | FISKH |
| 050 ## - LIBRARY OF CONGRESS CALL NUMBER | |
| Classification number | PZ7 |
| 082 ## - DEWEY DECIMAL CLASSIFICATION NUMBER | |
| Classification number | 590 |
| 100 ## - MAIN ENTRY--PERSONAL NAME | |
| Personal name | Dawn, Dim |
| 245 ## - TITLE STATEMENT | |
| Title | ជន្លេន និង ព្រះចន្ទ : |
| Remainder of title | The earthworm and the moon / |
| Statement of responsibility, etc. | និពន្ធដោយ លោក ឌឹម ដន , កែសម្រួលដោយ អ្នកស្រី គឹមស៊ុន សុធារី |
| 260 ## - PUBLICATION, DISTRIBUTION, ETC. | |
| Place of publication, distribution, etc. | Phnom Penh : |
| Name of publisher, distributor, etc. | Reading Book , |
| Date of publication, distribution, etc. | 2012. |
| 300 ## - PHYSICAL DESCRIPTION | |
| Extent | 24 pages : |
| Other physical details | color illustrations ; |
| Dimensions | 25 cm . |
| 490 ## - SERIES STATEMENT | |
| Series statement | ពិភពរឿងនិទាន |
| 505 ## - FORMATTED CONTENTS NOTE | |
| Formatted contents note | K <br/> |
| 520 ## - SUMMARY, ETC. | |
| Summary, etc. | រឿង ជន្លេន និង ព្រះចន្ទ មានបំនងអប់រំដល់ប្អូនៗកុមារ និងមនុស្សទូទៅអោយចេះស្រលាញ់ និងជួយគ្នាក្នុងគ្រាមានអាសន្ន ។ ជាពិសេសអោយចេះសាមគ្គីគ្នាហ៊ានប្រឈមមុខនឺងការលំបាក និងចេះរួបរួមគ្នារកដំណោះស្រាយផ្សេងៗដែលកើតឡើងចំពោះមុខ ។ មិនតែប៉ុណ្ណោះ មានបំនងអោយប្អូនៗស្រឡាញ់សត្វព្រៃ និងចេះរក្សាធនធានធម្មជាតិផងដែរ ។ |
| 520 ## - SUMMARY, ETC. | |
| Summary, etc. | The stroy of the Earthworm and the moon is intended to teach children and people in general to love one another, help each other in emergency situation . This story also advises them to form solidarity, to overcome the hardship and to jointly seek the solution for what happening. More than that, it encourages the children to love wild animals and to preseve the natural resources . |
| 521 8# - TARGET AUDIENCE NOTE | |
| Target audience note | 510 <br/> |
| Source | Lexile estimate <br/> |
| 521 8# - TARGET AUDIENCE NOTE | |
| Target audience note | K <br/> |
| Source | Raz-Plus <br/> |
| 650 ## - SUBJECT ADDED ENTRY--TOPICAL TERM | |
| Topical term or geographic name entry element | ជន្លេន និង ព្រះចន្ទ |
| Form subdivision | រឿងនិទានកុមារ |
| 650 ## - SUBJECT ADDED ENTRY--TOPICAL TERM | |
| Topical term or geographic name entry element | The earthworm and the moon |
| Form subdivision | Children's stories |
| 700 ## - ADDED ENTRY--PERSONAL NAME | |
| Personal name | Vichit, Prom |
| Relator term | Illustrator |
| 942 ## - ADDED ENTRY ELEMENTS (KOHA) | |
| Source of classification or shelving scheme | Dewey Decimal Classification |
| Koha item type | Khmer Books |
| Suppress in OPAC | No |
| Withdrawn status | Lost status | Source of classification or shelving scheme | Damaged status | Not for loan | Collection | Home library | Current library | Shelving location | Date acquired | Total Checkouts | Full call number | Barcode | Date last seen | Copy number | Price effective from | Koha item type |
|---|---|---|---|---|---|---|---|---|---|---|---|---|---|---|---|---|
| Dewey Decimal Classification | Khmer-English Bilingual / ភាសាខ្មែរ-អង់គ្លេស | Footprints International School Library Network Toul Tom Poung Campus | Footprints International School Library Network Toul Tom Poung Campus | TTP Primary Khmer Bookshelves | 09/17/2025 | DAW PZ7 590 | FIS04197 | 09/17/2025 | 1 | 09/17/2025 | Khmer Books | |||||
| Dewey Decimal Classification | Khmer-English Bilingual / ភាសាខ្មែរ-អង់គ្លេស | Footprints International School Library Network Toul Tom Poung Campus | Footprints International School Library Network Toul Tom Poung Campus | TTP Primary Khmer Bookshelves | 09/17/2025 | DAW PZ7 590 | FISBK03689 | 09/17/2025 | 2 | 09/17/2025 | Khmer Books | |||||
| Dewey Decimal Classification | Khmer-English Bilingual / ភាសាខ្មែរ-អង់គ្លេស | Footprints International School Library Network Toul Tom Poung Campus | Footprints International School Library Network Toul Tom Poung Campus | TTP Primary Khmer Bookshelves | 10/09/2025 | DAW PZ7 590 | FISBK072225 | 10/09/2025 | 3 | 10/09/2025 | Khmer Books | |||||
| Dewey Decimal Classification | Khmer-English Bilingual / ភាសាខ្មែរ-អង់គ្លេស | Footprints International School Library Network Toul Tom Poung Campus | Footprints International School Library Network Toul Tom Poung Campus | TTP Primary Khmer Bookshelves | 11/10/2025 | DAW PZ7 590 | FIS04127 | 11/10/2025 | 4 | 11/10/2025 | Khmer Books | |||||
| Dewey Decimal Classification | Khmer-English Bilingual / ភាសាខ្មែរ-អង់គ្លេស | Footprints International School Library Network Toul Tom Poung Campus | Footprints International School Library Network Toul Tom Poung Campus | TTP Primary Khmer Bookshelves | 11/11/2025 | DAW PZ7 590 | FIS04093 | 11/11/2025 | 5 | 11/11/2025 | Khmer Books | |||||
| Dewey Decimal Classification | Khmer-English Bilingual / ភាសាខ្មែរ-អង់គ្លេស | Footprints International School Library Network Toul Tom Poung Campus | Footprints International School Library Network Toul Tom Poung Campus | TTP Primary Khmer Bookshelves | 11/27/2025 | DAW PZ7 590 | 2025-4950 | 11/27/2025 | 6 | 11/27/2025 | Khmer Books |
